|
|
|
|
| LEADER |
01144nnm a2200241 i 4500 |
| 001 |
eta2528 |
| 005 |
20201124105207.0 |
| 008 |
200224s2019 hu o 0|| hun d |
| 020 |
|
|
|a 978-963-306-690-4
|
| 040 |
|
|
|a SZTE Elektronikus Tananyag Archívum
|b hun
|
| 041 |
|
|
|a hun
|
| 100 |
1 |
|
|a Makra Norbert
|
| 245 |
1 |
0 |
|a Gyakorlati kézikönyv komplex gyakorlathoz Munkaügyi és Társadalombiztosítási szak képzési tervéhez igazodó tansegédlet alapszakos hallgatók részére
|h [elektronikus dokumentum] /
|c Makra Norbert
|
| 246 |
1 |
0 |
|a Practical handbook for the complex classroom training of Industrial Relations BA students
|h [elektronikus dokumentum]
|
| 260 |
|
|
|a Szegedi Tudományegyetem Állam- és Jogtudományi Kar Munkaügyi Kapcsolatok és Társadalombiztosítási Képzések Intézete
|b Szeged
|c 2019
|
| 300 |
|
|
|a 82
|
| 516 |
|
|
|a Book
|
| 650 |
|
4 |
|a Társadalomtudományok
|
| 650 |
|
4 |
|a Jogtudomány
|
| 650 |
|
4 |
|a Jog, kriminológia, büntetéstudomány
|
| 650 |
|
4 |
|a Magánjog, közjog és szociális jog
|
| 695 |
|
|
|a munkajog
|
| 856 |
4 |
0 |
|u https://eta.bibl.u-szeged.hu/2528/1/MKTB%20BA%20%281%29%20Makra%20Norbert.pdf
|z Dokumentum-elérés
|